000 00501nam a2200181Ia 4500
001 17150
005 20260306170404.0
008 260306t2011||||xx |||||||||||||| ||und||
041 _aESP
082 _a657.48
_bB94 2011
100 _aBurbano Ruiz, Jorge E.
_eAUT
245 0 _aPresupuestos:
_bun enfoque de direccionamiento estratégico, gestión, y control de recursos
260 _c2011
300 _aix, 354 páginas :
_c27 cm.
650 _aGEN
654 _aCCO
942 _cLIB
_dJUS
_fJUS
_2ddc
_n
999 _c17150
_d17150